Statistics for Most Googled Country In Each European Country

Click here to take the quiz!

General Stats

  • This quiz has been taken 23 times
  • The average score is 36 of 45

Answer Stats

CountryMost Searched% Correct
BelgiumFrance
94%
AustriaGermany
94%
Czech RepublicGermany
94%
Bosnia and HerzegovinaSerbia
94%
AndorraSpain
94%
DenmarkSweden
94%
MonacoFrance
89%
NetherlandsGermany
89%
North MacedoniaGreece
89%
EstoniaRussia
89%
BelarusRussia
89%
CroatiaSerbia
89%
MontenegroSerbia
89%
FinlandSweden
89%
NorwaySweden
89%
SloveniaCroatia
83%
ItalyFrance
83%
PolandGermany
83%
LithuaniaRussia
83%
UkraineRussia
83%
LatviaRussia
83%
AlbaniaSerbia
83%
KosovoSerbia
83%
GreeceTurkey
83%
BulgariaTurkey
83%
IrelandUnited Kingdom
83%
GermanyUnited States
83%
LuxembourgFrance
78%
SpainFrance
78%
HungaryGermany
78%
SwitzerlandGermany
78%
San MarinoItaly
78%
MoldovaRomania
78%
FranceSpain
78%
LiechtensteinSwitzerland
78%
MaltaUnited Kingdom
78%
IcelandUnited Kingdom
78%
SlovakiaCzech Republic
72%
United KingdomUnited States
72%
RussiaUnited States
72%
TurkeyGermany
56%
SwedenUnited States
56%
PortugalBrazil
50%
SerbiaGermany
50%
RomaniaItaly
44%

Score Distribution

Percentile by Number Answered

Percent of People with Each Score

Your Score History

You have not taken this quiz